|
|
|
|
| LEADER |
01052nam a22002417a 4500 |
| 001 |
AAL4475 |
| 003 |
BD-DhAAL |
| 005 |
20160301093608.0 |
| 008 |
29022016s191994bg ||| | |||| 00| benen |
| 020 |
|
|
|a 9840730541
|
| 040 |
|
|
|a BD-DhAAL
|c BD-DhAAL
|
| 082 |
|
|
|2 22
|a 891.4437
|
| 245 |
|
|
|a কায়কোবাদ রচনাবলী /
|c আবদুল মান্নান সৈয়দ সম্পাদিত
|n দ্বিতীয় খন্ড
|
| 260 |
|
|
|a ঢাকা :
|b বাংলা একাডেমী,
|c ১৯৯৪
|
| 300 |
|
|
|a ৪৮৫ পৃ. ;
|c ২২ সে.মি.
|
| 541 |
|
|
|e 4475
|
| 600 |
|
|
|a Kaikobad
|x Fiction.
|9 2544
|
| 600 |
|
|
|a কায়কোবাদ
|x রচনাবলী
|9 2545
|
| 700 |
|
|
|a সৈয়দ, আবদুল মান্নান
|9 18250
|
| 852 |
|
|
|a Savar Campus Library
|c General Shelf
|
| 942 |
|
|
|2 ddc
|c BK
|
| 999 |
|
|
|c 36963
|d 36963
|
| 952 |
|
|
|0 0
|1 0
|2 ddc
|4 0
|6 891_443700000000000_KAI
|7 0
|9 58216
|a SCL
|b SCL
|c GEN
|d 2016-03-01
|g 200.00
|l 0
|o 891.4437 KAI
|p 3020004475
|r 2016-03-01
|t 1
|w 2016-03-01
|y BK
|